000 00612pam a2200229 a 4500
001 2387119
005 20180302033357.0
008 850806s1985 ctua b 001 0 eng c
010 _a 85018671
020 _a0870555014 :
_c$45.00 (est.)
040 _aDNLM/DLC
_cDLC
_dDLC
041 _aeng
060 _aWD 105 R698d
080 _a616.39
082 0 0 _a616.39 ROE
_219
100 1 _a10
101 _aSHU
245 1 0 _aDrug-induced nutritional deficiencies /
_cDaphne A. Roe.
504 _aIncludes bibliographies and index.
906 _a7
_bcbc
_corignew
_d1
_eocip
_f19
_gy-gencatlg
942 _2ddc
_cBK
999 _c43920
_d43920